GOOD PHARMACY PRACTICE TRANING MANUAL (Record no. 35057)

MARC details
000 -LEADER
fixed length control field 00347nam a22001457a 4500
003 - CONTROL NUMBER IDENTIFIER
control field SGT
082 ## - DEWEY DECIMAL CLASSIFICATION NUMBER
Classification number 615
Item number G06W
100 ## - MAIN ENTRY--PERSONAL NAME
Personal name WHO, INDIA
245 ## - TITLE STATEMENT
Title GOOD PHARMACY PRACTICE TRANING MANUAL
260 ## - PUBLICATION, DISTRIBUTION, ETC. (IMPRINT)
Place of publication, distribution, etc INDIA
Name of publisher, distributor, etc IPA
Year of Publication 2006
650 ## - SUBJECT ADDED ENTRY--TOPICAL TERM
Topical term or geographic name as entry element PHARMACY
653 ## - KEYWORDS--INDEX TERM
Keyword term GOOD, PHARMACY, PRACTICE, TRANING, MANUAL
942 ## - ADDED ENTRY ELEMENTS (KOHA)
Source of classification or shelving scheme Dewey Decimal Classification
Koha item type Books
Holdings
Withdrawn status Lost status Source of classification or shelving scheme Damaged status Use restrictions Not for loan Collection code Home library Current library Shelving location Date acquired Vendor Name SGTU Total Checkouts Full call number Accession No. (Barcode) Date last seen Bill Date Koha item type
    Dewey Decimal Classification   Restricted Access   PHARMACY SGT FA-FP Library SGT FA-FP Library On Display 03/07/2026 SGT UNIVERSITY Dr. ATUL NASA SGTU   615 G06W FP5703G 03/07/2026 03/07/2026 Books